Loading...
Standards of Weights and Measures Act with rules
| Main Author: | |
|---|---|
| Format: | Printed Book |
| Published: |
Allahabad
Law Publishers
1998
|
| Edition: | 5th ed. |
| Subjects: |
| LEADER | 00467cam a2200145ua 4500 | ||
|---|---|---|---|
| 082 | |a 343.075 |b TRI/S | ||
| 100 | 0 | |a Tripathi, S.L | |
| 245 | 0 | 0 | |a Standards of Weights and Measures Act with rules |
| 250 | |a 5th ed. | ||
| 260 | |a Allahabad |b Law Publishers |c 1998 | ||
| 300 | |a lL,392p. | ||
| 650 | 0 | |a Weights and Measures Act- Law | |
| 942 | |c BK | ||
| 999 | |c 9917 |d 9917 | ||
| 952 | |0 0 |1 0 |4 0 |6 343_075000000000000_TRIS |7 0 |9 10335 |a KUCL |b KUCL |d 2014-05-23 |l 0 |o 343.075 TRI/S |p 03257 |r 2014-05-23 |y BK | ||